Mordhau Weapons - Statistics

General Stats
  • This quiz has been taken 17 times
  • The average score is 26 of 41
Answer Stats
Hint Answer % Correct
Two-Handed Greatsword
94%
Two-Handed Longsword
94%
Two-Handed Maul
88%
Two-Handed Spear
88%
One-Handed Axe
81%
Ranged Longbow
81%
One-Handed Short Spear
81%
Two-Handed Zweihander
81%
Two-Handed Bardiche
75%
Ranged Crossbow
75%
One-Handed Dagger
75%
Two-Handed Halberd
75%
One-Handed Messer
75%
Two-Handed Poleaxe
75%
One-Handed Rapier
75%
One-Handed Short Sword
75%
Ranged Throwing Axe
75%
Ranged Throwing Knife
75%
One-Handed Bastard Sword
69%
Two-Handed Estoc
69%
One-Handed Arming Sword
63%
Two-Handed Battle Axe
63%
Shield Buckler
63%
Two-Handed Eveningstar
63%
Ranged Recurve Bow
63%
Two-Handed War Axe
63%
Two-Handed Executioner's Sword
56%
One-Handed Mace
56%
Two-Handed Billhook
50%
One-Handed Falchion
50%
Two-Handed Lute
50%
Two-Handed Training Sword
50%
One-Handed Warhammer
50%
One-Handed Cleaver
44%
Shield Kite Shield
44%
Two-Handed Quarterstaff
44%
Shield Targe
44%
Shield Heater Shield
38%
Ranged Rock
38%
One-Handed Blacksmith Hammer
25%
One-Handed Wooden Mallet
25%
No matching quizzes found
Score Distribution
Percent of People with Each Score
Percentile by Number Answered
Your Score History
You have not taken this quiz